| 000 | 00646 a2200193 4500 | ||
|---|---|---|---|
| 001 | 54520 | ||
| 005 | 20260407155818.0 | ||
| 008 | 260407a1973 arg spa d | ||
| 003 | AR-UNSa-BCEJYS | ||
| 040 |
_aAR-UNSa-BCEJYS _bspa _cAR-UNSa-BCEJYS |
||
| 080 |
_a336.226.1 _xImpuestos a las ganancias o los beneficios (Impuesto Diferido) |
||
| 245 | 1 | 0 | _aModerno tratamiento contable de los impuestos a las ganancias y a las ventas |
| 264 | 1 |
_aBuenos Aires : _bEdiciones Macchi _c1973 |
|
| 300 |
_a255 p. _c23 cm. |
||
| 942 | _cBK | ||
| 590 | _aniveau_biblio:m niveau_hierar:0 | ||
| 100 | 1 | _aFowler Newton, Enrique | |
| 700 | 1 | _aSlosse, Carlos Alberto | |
| 999 |
_c5602 _d5602 |
||